| 000 | 00616nam a22002057a 4500 | ||
|---|---|---|---|
| 008 | 150930b xxu||||| |||| 00| 0 eng d | ||
| 020 | _a0534937446 | ||
| 041 | 0 | _aeng | |
| 080 | _a519.6 | ||
| 100 | 1 | _aGiarratano, Joseph C. | |
| 245 | 1 | 0 |
_aExpert systems : _cJoseph Giarratano, Gary Riley. |
| 250 | _a2nd ed. | ||
| 260 |
_aBoston : _bPWS Pub. Co., _c1994. |
||
| 300 |
_axv, 644 f. : _bme il.; _c25 cm. |
||
| 650 | 0 | _aSistemi ekspert | |
| 650 | 0 | _aCLIPS (Gjuha programuese e kompjuterëve) | |
| 650 | 0 | _aRregullat bazë të programimit | |
| 700 | 1 | _aRiley, Gary, | |
| 942 |
_2udc _cBK |
||
| 999 |
_c1199 _d1199 |
||